000 00484nam a2200169Ia 4500
005 20250508155819.0
008 008 250505s9999 xx 000 0 eng d
037 _aBooks to be hide in OPAC
040 _aFEDL
_beng
_cFEDL
041 _aeng
_2eng
084 _a378.54, DEL/O
_qFEDL
245 0 _aUniversityof Delhi. Forty-Third annual report 1964-65
245 0 _cUniversity of Delhi
300 _a389p.
942 _cHB
_h378.54, DEL/O
999 _c1359413
_d1359413